• 首页
  • 本馆介绍
  • 公告通知
  • 最新文献
  • 馆藏检索
  • 电子资源
  • 读者导购
  • 参考咨询
  • 我的图书馆
  • 登录
  • 详细信息显示
  • 放入我的书架
  • 预约/预借图书
  • 作者相关作品
  • 分类相关作品
  • 丛书相关作品
  • 出版社相关作品

书目信息

  • 表格格式
  • 工作单格式
  • 卡片格式
题名:
顿悟人生
    
 
作者: 康晓瑞 编撰
分册:  
出版信息: 北京   金城出版社  1993
页数: 318页
开本: 19cm
丛书名:
单 册:
中图分类: B825 , B821
科图分类:
主题词: 箴言 , 道德修养--中国--明清时代 , 箴言--中国--明清时代--汇编 , 道德修养 , 人生观
电子资源:
ISBN: 7-80084-017-4
000 00850nam0 2200301 450
001 0963193164
005 20090928173734.67
010    @a7-80084-017-4@dCNY12.80
100    @a19940220d1993 em y0chiy0110 ea
101 0  @achi
102    @aCN@b110000
105    @ay z 000yy
106    @ar
200 1  @a顿悟人生@Adun wu ren sheng@e为人处世精典@f康晓瑞编撰
210    @a北京@c金城出版社@d1993
215    @a318页@d19cm
330    @a本书分为明人语录、清人语录、宋人语录3部分。
517 1  @a为人处世精典@Awei ren chu shi jing dian
606 0  @a箴言
606 0  @a道德修养@y中国@z明清时代
606 0  @a箴言@y中国@z明清时代@x汇编
606 0  @a道德修养
606 0  @a人生观
690    @aB825@v三版
690    @aB821@v4
701  0 @a康晓瑞@Akang xiao rui@4编撰
801  0 @aCN@bNLC@c19940220
905    @a10447@dB821@eJY29
    
    顿悟人生:为人处世精典/康晓瑞编撰 .-北京:金城出版社,1993
    318页;19cm
    
    
    ISBN 7-80084-017-4:CNY12.80
    本书分为明人语录、清人语录、宋人语录3部分。
●
相关链接 在E读中查询图书 在五车中查询图书 在当当中查询图书 在豆瓣中查询图书


正题名:顿悟人生     索取号:B821/JY29         预约/预借

序号 登录号 条形码 馆藏地/架位号 状态 备注
1 7820307   278203070   学院路分馆/ [索取号:B821/JY29] 在馆    
2 7820308   278203089   学院路分馆/ [索取号:B821/JY29] 在馆    
3 7820309   278203098   学院路分馆/ [索取号:B821/JY29] 在馆    
4 7820310   278203105   学院路分馆/ [索取号:B821/JY29] 在馆    
唐山师范学院图书馆 欢迎您!
大连网信软件有限公司© 版权所有